| 000 | 00792nam a2200181 i 4500 | ||
|---|---|---|---|
| 001 | 190198 | ||
| 003 | ES-MaACL | ||
| 005 | 20230906223650.0 | ||
| 008 | 200914s1958 sp |||| | spa d | ||
| 100 | 0 |
_aAngulo Iñiguez, Diego. _921788 |
|
| 245 | 1 | 3 |
_aLa arquitectura neoclásica en Méjico / _cdiscurso leído por el Excmo. Sr. D. Diego Angulo Íñiguez el día 30 de noviembre de 1958 en su recepción pública, y discurso de contestación del Excmo. Sr. D. Modesto López Otero. |
| 260 |
_aMadrid : _bReal Academia de Bellas Artes de San Fernando, _c1958. |
||
| 300 |
_a38 p. ; _c24 cm. |
||
| 650 | 4 |
_aArquitectura neoclásica- _zMéxico. _9170312 |
|
| 700 | 0 |
_aLópez Otero, M. _973853 |
|
| 710 | 2 |
_aReal Academia de Bellas Artes de San Fernando. _96291 |
|
| 852 |
_aES-MaACL _jF-M-III-N |
||
| 999 |
_c190198 _d190198 |
||